000 00401nam a2200157 i 4500
001 bg
100 1 _aMARCINIAK, M.
245 0 _aPodstawy obróbki w wygładzarkach pojemnikowych /
_cM. Marciniak, A. Stefko, W. Szyrle.
260 _aWarszawa,
_c1983.
700 1 _aSTEFKO, A.
700 1 _aSZYRLE, W.
040 _cBPK
041 _apol
942 _cKS
008 s pl f |000 0 pol
999 _c1113
_d1113
856 _uhttp://koha.tu.koszalin.pl/cgi-bin/koha/opac-detail.pl?biblionumber=1113
_yKatalog online BPK